MDQL
is popping MORE tags! Check the
thread
!
Quizzes
Events
Quiz Creation
Community
Videos
Private Events
Remove Ads
Sign In
Join for FREE
Feedback
Dark Mode
Quiz Categories
Sports
Geography
Music
Movies
Television
Just For Fun
Miscellaneous
History
Literature
Language
Science
Gaming
Entertainment
Religion
Holiday
For Kids
Quiz Lab
Recent
Popular Today
Quiz Kudos Today
Editor Picks
Curator Picks
Quizzes by...
Day
Popularity
Type
Ratings
Length
Year
Community
Subscriptions
Recent Discussions
Orange Saloon
Badges
Playlists
Quests
Create
Leaderboards
Showdown
Live 5
Trivia Bingo
Activity
Puzzle Library
Sporcle Events
Private Events
Virtual Trivia
Globe League
Become a Host
Pub Owners
SporcleCon
Opinionation
Our Games
Videos
Blog
Mobile Apps
Partnerships
Remove Ads and Go Orange
Feedback
Language
Vocabulary
Begins and Ends
Definition
Spanish
French
German
Italian
Chinese
Latin
Translation
Japanese
Language
Vocabulary
Begins and Ends
Definition
Spanish
French
German
Italian
Chinese
Latin
Translation
Japanese
Random Quiz
Search Sporcle
×
Quiz Lab
Quiz Lab
Language
Interrogative
Type in answers that appear in a list
Type in answers that appear in a list
Classic
Best Score? Go Orange.
Interrogatives Stats
Can you name the Interrogatives?
By
mwalkerk12
15m
11 Questions
316 Plays
316 Plays
316 Plays
Comments
Comments
Give Quiz Kudos
Give Quiz Kudos
-
- Ratings
hide this ad
More Info
Replay
Link that replays current quiz
Next Quiz
Link to next quiz in quiz playlist
You Got
0%
They Got
Avg Score
86%
Avg Friend Score
Upgrade to see
Score Distribution
Jump to the score distribution portion of the page
Score
0/11
Timer
15:00
0
Plays Today
Questions/ Hints
Interrogative in Spanish
% Correct
¿_
_
_
_
_
_
vas después de escuela? ¿a casa?
Adónde
97.8%
¿_
_
_
_
_
_
está la tarea? Está encima de la mesa.
Dónde
89.2%
¿_
_
_
_
_
_
es la profesora de ciencias sociales? Es simpática.
Cómo
88.3%
¿_
_
_
_
_
_
comen Uds. en el almuerzo? ¿una pizza?
Qué
87.7%
¿_
_
_
_
_
_
va tu familia a la iglesia? ¿Los sábados o los domingos?
Cuándo
86.7%
¿ _
_
_
_
_
_
días hay en una semana? ¿siete?
Cuántos
86.1%
¿_
_
_
_
_
_
no comes las papas fritas? ¿No te gustan?
Por qué
85.4%
¿_
_
_
_
_
_
es tu número de teléfono? Es 555.5555.
Cuál
85.1%
¿_
_
_
_
_
_
trae las bebidas? ¿Pedro?
Quién
84.5%
¿_
_
_
_
_
_
eres tú? ¿Guatemala?
De dónde
82.6%
¿_
_
_
_
_
_
van Uds. a la playa? Vamos con Gregorio.
Con quién
76.9%
Quiz Playlist
Details
Report
Send in Message
Add To Playlist
More Info:
Qué, Cómo, Cuándo, Quién, Cuánto, Dónde, Adónde, De dónde, Por qué, Cuál
Classic:
Type in answers that appear in a list
Last Updated: Feb 16, 2017
Quiz Scoreboard
CHALLENGE
Sign Up to Join the Scoreboard
Show All
Scores
Hide
Comments
May contain spoilers
Recently Published
1-10 Letter E Words III
by El_Dandy
Language
2m
Street Fighter Characters
by Artimus82
Gaming
60s
College Basketball Coaching Resumes
by pancakes188
Sports
9m
More to Explore
Quiz From the Vault
Featured Blog Post
Where Did the Easter Bunny Come From?
hide this ad
You Might Also Like...
Tags
Interrogative
Today's Top Quizzes in Language
Browse Language
hide this ad
Today's Top Quizzes in Interrogative
Browse Interrogative
Top Contributed Quizzes in Language
1
1-10 Letter F Words III
2
1-10 Letter G Words III
3
1-10 Letter H Words III
4
Celtic Nations in their Language
5
Alphabetize! : 'As' words
6
1-10 Letter I Words III
7
One Thing in Common: Italy
8
1-10 Letter J Words III
9
Order Up: Top 10 Most Native Spoken Languages
10
Weisst du, aus welchen Sprachen diese Wörter stammen?
Explore More
Trending Topics
Harry Potter
Marvel
Crossword
Kpop
Anime
NBA
Disney
NFL
WWE
The Office
Puzzle
Country
Song
Pokémon
Soccer
hide this ad
More By:
mwalkerk12
Quiz
Plays
Rating
Category
Featured
Created
Irregular Preterite Spanish
1,812
Language
Dec 4, 2015
Reflexive Verbs
1,456
5.00
Language
Dec 3, 2015
Ar, Er, Ir and the verb Ser
996
Language
Aug 28, 2015
Affirmative and Negative Wods
440
Language
Sep 28, 2015
Irregular Preterite Spanish Sp2
351
Language
Feb 17, 2021
Go to Creator's Profile
Score Distribution
Quiz Creator Spotlight
mwalkerk12
Follow
Send a Message
Quizzes Created
-
Created Quiz Play Count
-
More By This Creator
Popular Quizzes Today
1
Find the US States - No Outlines Minefield
2
Find the Countries of Europe - No Outlines Minefield
3
The Countries of the World
4
Find the US States
5
Risky Map Clicking: Biggest States A-Z
6
US States
7
Popular People in 1961
8
Movies - When Are They Set?
More Language Quizzes
Indo-Iranian Languages
Quiz Lab
Trending Quizzes
Risky Map Clicking: Least Populous States A-Z
Billboard Blitz: Aretha Franklin
1-10 Letter G Words
Countries of the World: 200 Million BC
1-10 Letter F Words
Recently Updated
Leaping Animals
pecheneg
Reality TV Shows (A-Z)
bhenderson79
Rickey Henderson's Hall of Fame Teammates
pecheneg
Champions League XIs: Arsenal
pecheneg
Quick Pick: Celebrities in WWE's Hall of Fame
aduchscher
A-Z Keypad Blitz II
pecheneg
Multiple Oscar Actors
pecheneg
Mystery Phrase Blitz: Oscar 'Best Actors'
pecheneg
F. Scott Fitzgerald Novels
LTH
Pick 3 Villains
ddd62291
Trending Topics
Marvel
Disney
Kpop
Crossword
Harry Potter
Anime
NBA
Country
WWE
Puzzle
Pokémon
The Office
Song
Soccer
NFL
Your Account Isn't Verified!
In order to create a playlist on Sporcle, you need to verify the email address you used during registration. Go to your
Sporcle Settings
to finish the process.
Report this User
Report this user for behavior that violates our
Community Guidelines
.
Details:
Send Report
Go to the Sporcle.com Mobile Site →
Comments